DigCompSat A self-reflection tool for the European digital framework for citizens /

Bibliographic Details
Main Author: Centeno, Clara
Other Authors: Cabrera, Marcelino, Punie, Yves, Kluzer, Stefano, Castaǫ, Jonatan, Jakobsone, Mara, Troia, Sandra, Vuorikari, Riina, Clifford, Ian
Format: eBook
Language:English
Published: Bruselas: European Union Publications Office, 2020
Subjects:
Online Access:Acceso restringido

MARC

LEADER 00000nam a22000007a 4500
005 20220111215356.0
007 cr|||| ||||
008 220111s2020 eu |||||s||||i00||0 eng d
020 |a 978-92-76-27592-3 
035 |a 34150 
040 |a vLex 
090 |c 12817  |d 12817 
100 1 |a Centeno, Clara 
245 1 0 |a DigCompSat  |h [Recurso electrn̤ico] :  |b A self-reflection tool for the European digital framework for citizens /  |c Clara Centeno, Marcelino Cabrera, Yves Punie, Stefano Kluzer, Jonatan Castaǫ, Mara Jakobsone, Sandra Troia, Riina Vuorikari, Ian Clifford 
256 |a Servicio en ln̕ea 
260 |a Bruselas:  |b European Union Publications Office,  |c 2020 
300 |a 1 recurso electrn̤ico 
500 |a The European Digital Competence Framework for Citizens (DigComp) provides a comprehensive approach for digital competence that can be adapted to many areas of life. The DigCompSat tool aims at testing empirically the set of DigComp 2.1 competences corresponding to levels 1 to 6 (foundation, intermediate and advanced). It can be considered that these are the most widely needed digital competence levels for most European citizens for their employment and career development. The tool is designed with a methodological perspective that allows measuring of digital competence by the three elements - knowledge, skills and attitude – for each of the 5 DigComp areas. It also provides respondents with a self-reflection path on their digital competence. The tool was piloted in Ireland, Latvia and Spain by 16-65 year old individuals. The selected countries represented the three country categories defined by the Digital Skills Index (DSI) in 2020 regarding the percentage of the no- and low-skilled population in the society: Ireland over EU average, Spain close to EU average, and Latvia below EU average. The piloting provided reliable feedback of digital competence level for the 5 competence areas for different age and gender groups, education and digital skills levels. The DigComp tool has sound psychometric properties, including the validity and internal consistency of the items. The tool is able to perform three main functions for test takers: measuring existing competences based on the respondents’ self-reflection; identifying competence gaps; and raising awareness. The conciseness of the items allowed a test-time of less than 30 minutes across different countries, age and educational background groups and genders. This report describes the process and methodology taken to achieve the result. The annexes provide the statistical data and the Item Bank used. To achieve the Item Bank, a number of experts and users have been involved in iterative consultations and focus groups as part of the applied methodology during the initial design, validation and development process of the tool. 
506 1 |a Disponible solo en los productos indicados  |d vLex Global  |d vLex Global (Academic Edition, excluding Law Schools)  |d vLex Global (U.S. Academic Edition, Law Schools)  |d vLex Global (U.S. Academic Edition, excluding Law Schools)  |d vLex Global (Academic Edition, Law Schools) 
650 0 4 |a Telecomunicaciones  |z Unin̤ Europea 
700 1 |a Cabrera, Marcelino 
700 1 |a Punie, Yves 
700 1 |a Kluzer, Stefano 
700 1 |a Castaǫ, Jonatan 
700 1 |a Jakobsone, Mara 
700 1 |a Troia, Sandra 
700 1 |a Vuorikari, Riina 
700 1 |a Clifford, Ian 
740 0 |a vLex Libros (Servicio en ln̕ea) 
856 4 0 |u https://app.vlex.com/#/sources/34150  |z Acceso restringido 
942 |c BOOK 
999 0 |a Telecommunications